000
00349pab a2200157 454500
008
180718b1999 xxu||||| |||| 00| 0 eng d
100
_a
Thakur, Superna
245
_a
Equal rights for the girl child
260
_c
1999
300
_a
p.34-35
362
_a
Mar
650
_a
Girls - India
650
_a
Girls
773
_a
Yojana
909
_a
40155
999
_c
40155
_d
40155